<?xml version="1.0" encoding="UTF-8"?>
<record
    xmlns:xsi="http://www.w3.org/2001/XMLSchema-instance"
    xsi:schemaLocation="http://www.loc.gov/MARC21/slim http://www.loc.gov/standards/marcxml/schema/MARC21slim.xsd"
    xmlns="http://www.loc.gov/MARC21/slim">

  <leader>02535nam a2200349 i 4500</leader>
  <controlfield tag="003">DO-SdBNP</controlfield>
  <controlfield tag="005">20250528110027.0</controlfield>
  <controlfield tag="007">ta</controlfield>
  <controlfield tag="008">250528b2024    dr a|||| |||| 00| p spa d</controlfield>
  <datafield tag="020" ind1=" " ind2=" ">
    <subfield code="a">9789945639438</subfield>
  </datafield>
  <datafield tag="040" ind1=" " ind2=" ">
    <subfield code="a">DO-SdBNP</subfield>
    <subfield code="b">spa</subfield>
    <subfield code="c">BNPHU</subfield>
    <subfield code="e">rda</subfield>
  </datafield>
  <datafield tag="041" ind1=" " ind2=" ">
    <subfield code="a">spa</subfield>
  </datafield>
  <datafield tag="082" ind1=" " ind2="4">
    <subfield code="a">RD861.42</subfield>
    <subfield code="b">W373a 2024</subfield>
    <subfield code="2">22</subfield>
  </datafield>
  <datafield tag="100" ind1=" " ind2=" ">
    <subfield code="a">Weber, Delia,</subfield>
    <subfield code="d">1900-1982</subfield>
    <subfield code="4">autor</subfield>
    <subfield code="9">24257</subfield>
    <subfield code="e">aut.</subfield>
  </datafield>
  <datafield tag="245" ind1="1" ind2="0">
    <subfield code="a">Ascuas vivas : </subfield>
    <subfield code="b">poemario /</subfield>
    <subfield code="c">Delia Weber ; pr&#xF3;logo Miguel D. Mena ; direcci&#xF3;n general por Nurys del Carmen Gonz&#xE1;lez ; direcci&#xF3;n editorial por Miguelina Crespo ; consultora editorial Emilia Pereyra ; l&#xED;nea gr&#xE1;fica Ana Zadya Gerardino ; dise&#xF1;o de interiores y portada Julissa Ivor Medina ; diagramaci&#xF3;n Daniel Bison&#xF3; ; correcci&#xF3;n por Vivian Jim&#xE9;nez</subfield>
  </datafield>
  <datafield tag="264" ind1=" " ind2=" ">
    <subfield code="a">Santo Domingo :</subfield>
    <subfield code="b">Instituto Superior de Formaci&#xF3;n Docente Salom&#xE9; Ure&#xF1;a (ISFODOSU),</subfield>
    <subfield code="c">2024.</subfield>
  </datafield>
  <datafield tag="300" ind1=" " ind2=" ">
    <subfield code="a">90 p&#xE1;ginas :</subfield>
    <subfield code="b">ilustraciones ;</subfield>
    <subfield code="c">23 cm. </subfield>
  </datafield>
  <datafield tag="336" ind1=" " ind2=" ">
    <subfield code="a">texto</subfield>
    <subfield code="b">txt</subfield>
    <subfield code="2">rdacontent </subfield>
  </datafield>
  <datafield tag="337" ind1=" " ind2=" ">
    <subfield code="a">sin mediaci&#xF3;n</subfield>
    <subfield code="b">n</subfield>
    <subfield code="2">rdamedia </subfield>
  </datafield>
  <datafield tag="338" ind1=" " ind2=" ">
    <subfield code="a">volumen</subfield>
    <subfield code="b">nc</subfield>
    <subfield code="2">rdacarrier </subfield>
  </datafield>
  <datafield tag="440" ind1=" " ind2=" ">
    <subfield code="a">                                             </subfield>
  </datafield>
  <datafield tag="490" ind1="0" ind2=" ">
    <subfield code="a">Colecci&#xF3;n cl&#xE1;sicos dominicanos</subfield>
  </datafield>
  <datafield tag="490" ind1="0" ind2=" ">
    <subfield code="a">Serie III. Poes&#xED;a</subfield>
  </datafield>
  <datafield tag="500" ind1=" " ind2=" ">
    <subfield code="a">Incluye datos biogr&#xE1;ficos de la autora en la p&#xE1;ginas 89-90</subfield>
  </datafield>
  <datafield tag="505" ind1=" " ind2=" ">
    <subfield code="a">Presentaci&#xF3;n 9 -- Pr&#xF3;logo 11 -- Poemas: Herencia 21 -- Sed 22 -- Deja el encanto abierto 23 -- Gardenia 24 -- Quiero 25 -- Luz nueva 26 -- Deseo ignoto 27 -- Uni&#xF3;n 28 -- Gracias, Se&#xF1;or 29 -- Llegu&#xE9; cuando te ibas 30 -- S&#xE9; un rayo de luz 31 -- Reencarnaci&#xF3;n 32 -- Madrugada 33 -- Las hermanas 34 -- Mis espigas 37 -- Piedad 39 -- Quiere 40 -- Flores ca&#xED;das 41 -- Mutismo 42 -- Llen&#xE9; mi barca 44 -- Calla 45 -- Cenizas 46 -- Tu ley 47 -- Despedida 48 -- Silencio 49 -- Lo eterno 50 -- Revelaci&#xF3;n 51 -- Ojos 52 -- Mi orgullo 53 -- Desde mi ventana 54 -- Liberaci&#xF3;n 55 -- Voz 56 -- Me voy aprisa 57 -- Ofrenda 58 -- Comentario 60 -- Fue como el mar 61 -- Nada 62 -- Dos almas 63 -- Voz errante 66 -- D&#xE1;diva 67 -- Olv&#xED;dame 68 -- Deudor 69 -- Expresi&#xF3;n 70 -- Desconocimiento 71 -- Vida 72 -- Mar adentro 73 -- Quiero besarte los ojos 74 -- A mi madre 76 -- Llueve 77 -- Voces 78 -- La cita 80 -- &#xBF;Por qu&#xE9;&#x2026;? 82 -- Sola 83 -- F&#xE9;nix 84 -- Son&#xE1;mbula 85 -- Son tuyos 86 -- En el umbral 87 -- Biograf&#xED;a de Delia Weber 89</subfield>
  </datafield>
  <datafield tag="590" ind1=" " ind2=" ">
    <subfield code="a">Inventariado, 2025 /LP</subfield>
  </datafield>
  <datafield tag="650" ind1=" " ind2="7">
    <subfield code="2">LEMB	</subfield>
    <subfield code="a">Poes&#xED;a dominicana</subfield>
  </datafield>
  <datafield tag="650" ind1=" " ind2="7">
    <subfield code="2">LEMB	</subfield>
    <subfield code="a">Literatura dominicana</subfield>
  </datafield>
  <datafield tag="700" ind1="1" ind2=" ">
    <subfield code="a">Mena Miguel de,</subfield>
    <subfield code="d">1961-</subfield>
    <subfield code="e">prologuista</subfield>
    <subfield code="4">pr.</subfield>
    <subfield code="9">87894</subfield>
  </datafield>
  <datafield tag="910" ind1=" " ind2=" ">
    <subfield code="a">LP</subfield>
  </datafield>
  <datafield tag="942" ind1=" " ind2=" ">
    <subfield code="2">ddc</subfield>
    <subfield code="c">LBS1</subfield>
  </datafield>
  <datafield tag="952" ind1=" " ind2=" ">
    <subfield code="0">0</subfield>
    <subfield code="1">0</subfield>
    <subfield code="2">ddc</subfield>
    <subfield code="5">1</subfield>
    <subfield code="7">0</subfield>
    <subfield code="8">PD</subfield>
    <subfield code="a">BNPHU</subfield>
    <subfield code="b">BNPHU</subfield>
    <subfield code="c">HD</subfield>
    <subfield code="d">2025-02-05</subfield>
    <subfield code="e">Dep&#xF3;sito Legal</subfield>
    <subfield code="l">0</subfield>
    <subfield code="o">BNPHU PD RD861.42 W373a 2024</subfield>
    <subfield code="p">2025-2233</subfield>
    <subfield code="r">2025-03-21</subfield>
    <subfield code="w">2025-03-21</subfield>
    <subfield code="y">LBS1</subfield>
  </datafield>
  <datafield tag="952" ind1=" " ind2=" ">
    <subfield code="0">0</subfield>
    <subfield code="1">0</subfield>
    <subfield code="2">ddc</subfield>
    <subfield code="5">1</subfield>
    <subfield code="7">0</subfield>
    <subfield code="8">PD</subfield>
    <subfield code="a">BNPHU</subfield>
    <subfield code="b">BNPHU</subfield>
    <subfield code="c">HD</subfield>
    <subfield code="d">2025-02-05</subfield>
    <subfield code="e">Dep&#xF3;sito Legal</subfield>
    <subfield code="l">0</subfield>
    <subfield code="o">BNPHU PD RD861.42 W373a 2024</subfield>
    <subfield code="p">2025-2234</subfield>
    <subfield code="r">2025-03-21</subfield>
    <subfield code="t">e.2</subfield>
    <subfield code="w">2025-03-21</subfield>
    <subfield code="y">LBS1</subfield>
  </datafield>
  <datafield tag="952" ind1=" " ind2=" ">
    <subfield code="0">0</subfield>
    <subfield code="1">0</subfield>
    <subfield code="2">ddc</subfield>
    <subfield code="5">6</subfield>
    <subfield code="7">0</subfield>
    <subfield code="8">DS</subfield>
    <subfield code="a">BNPHU</subfield>
    <subfield code="b">BNPHU</subfield>
    <subfield code="c">HD</subfield>
    <subfield code="d">2025-02-05</subfield>
    <subfield code="e">Dep&#xF3;sito Legal</subfield>
    <subfield code="l">0</subfield>
    <subfield code="o">BNPHU DS RD861.42 W373a 2024</subfield>
    <subfield code="p">2025-2235</subfield>
    <subfield code="r">2025-03-21</subfield>
    <subfield code="t">e.3</subfield>
    <subfield code="w">2025-03-21</subfield>
    <subfield code="y">LBS1</subfield>
  </datafield>
  <datafield tag="999" ind1=" " ind2=" ">
    <subfield code="c">58518</subfield>
    <subfield code="d">58518</subfield>
  </datafield>
</record>
